LEADER 00465nab a2200145 i 4500 001 000000281354 003 CaOOAMICUS 005 20180831165159.0 008 180831n xx uu u0 0und r 013 $a33909 040 $aSeMil$bita 245 10$a[vedi periodico]. 500 $aGiugno 1999, inserto redazionale. 773 0 $aPedretti, Carlo <1928-2018>$tLeonardo.$dFirenze : Giunti, 1999.$z88-09-76288-6$w()231230 996 $6245$a[vedi periodico]$9(OLS)http://semarc/title/309439 LEADER 00597nam a2200169 i 4500 001 000000190694 003 CaOOAMICUS 005 20100706000000.0 008 100706n xx u000 u lat u 013 $a169125 040 $aSeMil$bita 245 10$a2. 300 $a511 p. ;$c21 cm. 773 0 $aLombardi, Carlo$tIuris canonici privati institutiones.$b2.ed. ab auctore revisa et expolita.$dRomae : Desclée, Lefebvre et Soc., 1901.$g2$w()23488 850 $aSeMil 852 $aSeMil$W1$xVenegono$y1$m2H VII 17$j264297$B141311$CSeMilBibl$Z2$F152878 $81 996 $6245$a2$9(OLS)http://semarc/title/46889 LEADER 00710naa a2200169 i 4500 001 000000317904 003 CaOOAMICUS 005 20180831173237.0 008 180831n it u000 u ita u 013 $a27165 040 $aSeMil$bita 100 1 $aKönig, Franz,$c.$0(OLS)http://semarc/name/3947 245 10$aStampa: libertà e responsabilità. 650 4$aMezzi di comunicazione.$0(OLS)http://semarc/subject/6419 650 4$aComunicazione - Aspetti sociali.$0(OLS)http://semarc/subject/25173 773 0 $tLaici sulle vie del Concilio.$dAssisi : Cittadella, stampa 1966.$kSulle vie del concilio$gp.255-260$w()46233 996 $6245$aStampa: libertà e responsabilità$9(OLS)http://semarc/title/391821